000 00888nam a2200265 a 4500
005 20200104041533.0
008 140305b1995 ck ||||| |||| 00| 0 spa d
040 _aCO-BoIAVH
_cCO-BoIAVH
041 _aspa
044 _ack
090 _aLB
_b02320
100 _aTapia, Carlos
_96011
245 _aConservación y manejo del territorio de la comunidad negra de la cuenca del río Valle Bahía Solano, Chocó
260 _aBogotá
_bFundación Natura Colombia
_c1995
300 _a176 p.
650 _aComunidades negras
_941779
650 _aComunidades locales
_93678
650 _aConservacion de biodiversidad
_9345
650 _aManejo forestal sostenible
_99347
650 _aManejo de cuencas hidrográficas
_941781
650 _aManejo participativo
_916237
662 _aColombia
_cRío Valle
_dBahía Solano
_bChocó
700 _aPolanco, Rocio
_92964
942 _cINFORME
_2z
999 _c2508
_d2508